• 首页
  • 本馆介绍
  • 公告通知
  • 最新文献
  • 馆藏检索
  • 电子资源
  • 读者导购
  • 参考咨询
  • 我的图书馆
  • 登录
  • 详细信息显示
  • 放入我的书架
  • 预约/预借图书
  • 作者相关作品
  • 分类相关作品
  • 丛书相关作品
  • 出版社相关作品

书目信息

  • 表格格式
  • 工作单格式
  • 卡片格式
题名:
兵役法基本知识
    
 
作者: 闻东 , 裴莹 编著
分册:  
出版信息: 成都   四川人民出版社  1986.7
页数: 79页
开本: 19cm
丛书名: 普及法律常识丛书
单 册:
中图分类: E265
科图分类:
主题词: 兵役法--基本知识--中国
电子资源:
ISBN:
000 00744nam2 2200277 45
001 0186018613
005 20040422102800.5
010    @dCNY0.36
091    @a6118.17
100    @a19931110d1986 em y0chiy0121 ea
101 0  @achi
102    @aCN@b510000
105    @ay z 000yy
106    @ar
200 10 @a兵役法基本知识@Abing yi fa ji ben zhi shi@f闻东,裴莹编著
210    @a成都@c四川人民出版社@d1986.7
215    @a79页@d19cm
225 2  @a普及法律常识丛书
410  0 @120010@a普及法律常识丛书
606    @a兵役法@x基本知识@y中国
690    @aE265@v3
701  0 @a闻东@Awen dong@4编著
701  0 @a裴莹@Apei ying@4编著
801  0 @aCN@b深圳图书馆@c20040422
801  2 @aCN@bNLC@c20040422
905    @f2@b165702-703@dE265@e2
    
    兵役法基本知识/闻东,裴莹编著.-成都:四川人民出版社,1986.7
    79页;19cm.-(普及法律常识丛书)
    
    
    ISBN :CNY0.36
    
●
相关链接 在E读中查询图书 在五车中查询图书 在当当中查询图书 在豆瓣中查询图书


正题名:兵役法基本知识     索取号:E265/2         预约/预借

序号 登录号 条形码 馆藏地/架位号 状态 备注
1 0165702   001260129   第一借阅区/ [索取号:E265/2] 在馆    
2 0165703   001260165   密集书库/ [索取号:E265/2] 在馆    
3 0165704   001260156   第一样本阅览室/ [索取号:E265/2] 在馆    
唐山师范学院图书馆 欢迎您!
大连网信软件有限公司© 版权所有